<?xml version="1.0" encoding="UTF-8"?>
<record
    xmlns:xsi="http://www.w3.org/2001/XMLSchema-instance"
    xsi:schemaLocation="http://www.loc.gov/MARC21/slim http://www.loc.gov/standards/marcxml/schema/MARC21slim.xsd"
    xmlns="http://www.loc.gov/MARC21/slim">

  <leader>00619nam a22002057a 4500</leader>
  <controlfield tag="005">20220502122836.0</controlfield>
  <controlfield tag="008">220502b           sp ||||| |||| 00| 0 spa d</controlfield>
  <datafield tag="020" ind1=" " ind2=" ">
    <subfield code="a">1564090574</subfield>
  </datafield>
  <datafield tag="050" ind1="0" ind2="4">
    <subfield code="a">AE61</subfield>
    <subfield code="b">E53 2003</subfield>
  </datafield>
  <datafield tag="245" ind1="0" ind2="0">
    <subfield code="a">Enciclopedia Hisp&#xE1;nica.</subfield>
  </datafield>
  <datafield tag="250" ind1=" " ind2=" ">
    <subfield code="a">2a ed.</subfield>
  </datafield>
  <datafield tag="260" ind1=" " ind2=" ">
    <subfield code="a">Barcelona, Espa&#xF1;a : </subfield>
    <subfield code="b">Barsa Planet, Inc.,</subfield>
    <subfield code="c">c2003</subfield>
  </datafield>
  <datafield tag="300" ind1=" " ind2=" ">
    <subfield code="a">18 v. :</subfield>
    <subfield code="b">il. ; </subfield>
    <subfield code="c">29 cm.</subfield>
  </datafield>
  <datafield tag="505" ind1="0" ind2=" ">
    <subfield code="g"> v. 1-14. </subfield>
    <subfield code="t">Macropedia --</subfield>
  </datafield>
  <datafield tag="505" ind1="0" ind2=" ">
    <subfield code="g">[15-16].</subfield>
    <subfield code="t">Micropedia e indice --</subfield>
  </datafield>
  <datafield tag="505" ind1="0" ind2=" ">
    <subfield code="g">[17].</subfield>
    <subfield code="r">Temapedia --</subfield>
  </datafield>
  <datafield tag="505" ind1="0" ind2=" ">
    <subfield code="g">[18].</subfield>
    <subfield code="t">Datapedia y atlas.</subfield>
  </datafield>
  <datafield tag="650" ind1=" " ind2=" ">
    <subfield code="a">Enciclopedias y diccionarios</subfield>
    <subfield code="x">Espa&#xF1;ol</subfield>
  </datafield>
  <datafield tag="942" ind1=" " ind2=" ">
    <subfield code="2">lcc</subfield>
    <subfield code="c">LIB</subfield>
  </datafield>
  <datafield tag="999" ind1=" " ind2=" ">
    <subfield code="c">161800</subfield>
    <subfield code="d">161798</subfield>
  </datafield>
  <datafield tag="952" ind1=" " ind2=" ">
    <subfield code="1">0</subfield>
    <subfield code="2">lcc</subfield>
    <subfield code="4">0</subfield>
    <subfield code="7">0</subfield>
    <subfield code="a">LIC-025</subfield>
    <subfield code="b">LIC-025</subfield>
    <subfield code="c">GENERAL</subfield>
    <subfield code="d">2022-05-02</subfield>
    <subfield code="e">UA</subfield>
    <subfield code="f">2a ed.</subfield>
    <subfield code="k">IT</subfield>
    <subfield code="l">0</subfield>
    <subfield code="o">AE61 E53 2003</subfield>
    <subfield code="p">BIE000000034</subfield>
    <subfield code="r">2022-05-02 00:00:00</subfield>
    <subfield code="t">C:1 V.1</subfield>
    <subfield code="v">1.00</subfield>
    <subfield code="y">LIB</subfield>
  </datafield>
  <datafield tag="952" ind1=" " ind2=" ">
    <subfield code="1">0</subfield>
    <subfield code="2">lcc</subfield>
    <subfield code="4">0</subfield>
    <subfield code="7">0</subfield>
    <subfield code="a">LIC-025</subfield>
    <subfield code="b">LIC-025</subfield>
    <subfield code="c">GENERAL</subfield>
    <subfield code="d">2022-05-02</subfield>
    <subfield code="e">UA</subfield>
    <subfield code="f">2a ed.</subfield>
    <subfield code="k">IT</subfield>
    <subfield code="o">AE61 E53 2003</subfield>
    <subfield code="p">BIE000000035</subfield>
    <subfield code="r">2022-05-02 00:00:00</subfield>
    <subfield code="t">C:1 V.2</subfield>
    <subfield code="v">1.00</subfield>
    <subfield code="y">LIB</subfield>
  </datafield>
  <datafield tag="952" ind1=" " ind2=" ">
    <subfield code="1">0</subfield>
    <subfield code="2">lcc</subfield>
    <subfield code="4">0</subfield>
    <subfield code="7">0</subfield>
    <subfield code="a">LIC-025</subfield>
    <subfield code="b">LIC-025</subfield>
    <subfield code="c">GENERAL</subfield>
    <subfield code="d">2022-05-02</subfield>
    <subfield code="e">UA</subfield>
    <subfield code="f">2a ed.</subfield>
    <subfield code="k">IT</subfield>
    <subfield code="o">AE61 E53 2003</subfield>
    <subfield code="p">BIE000000036</subfield>
    <subfield code="r">2022-05-02 00:00:00</subfield>
    <subfield code="t">C:1 V.3</subfield>
    <subfield code="v">1.00</subfield>
    <subfield code="y">LIB</subfield>
  </datafield>
  <datafield tag="952" ind1=" " ind2=" ">
    <subfield code="1">0</subfield>
    <subfield code="2">lcc</subfield>
    <subfield code="4">0</subfield>
    <subfield code="7">0</subfield>
    <subfield code="a">LIC-025</subfield>
    <subfield code="b">LIC-025</subfield>
    <subfield code="c">GENERAL</subfield>
    <subfield code="d">2022-05-02</subfield>
    <subfield code="e">UA</subfield>
    <subfield code="f">2a ed.</subfield>
    <subfield code="k">IT</subfield>
    <subfield code="o">AE61 E53 2003</subfield>
    <subfield code="p">BIE000000037</subfield>
    <subfield code="r">2022-05-02 00:00:00</subfield>
    <subfield code="t">C:1 V.4</subfield>
    <subfield code="v">1.00</subfield>
    <subfield code="y">LIB</subfield>
  </datafield>
  <datafield tag="952" ind1=" " ind2=" ">
    <subfield code="1">0</subfield>
    <subfield code="2">lcc</subfield>
    <subfield code="4">0</subfield>
    <subfield code="7">0</subfield>
    <subfield code="a">LIC-025</subfield>
    <subfield code="b">LIC-025</subfield>
    <subfield code="c">GENERAL</subfield>
    <subfield code="d">2022-05-02</subfield>
    <subfield code="e">UA</subfield>
    <subfield code="f">2a ed.</subfield>
    <subfield code="k">IT</subfield>
    <subfield code="o">AE61 E53 2003</subfield>
    <subfield code="p">BIE000000038</subfield>
    <subfield code="r">2022-05-02 00:00:00</subfield>
    <subfield code="t">C:1 V.5</subfield>
    <subfield code="v">1.00</subfield>
    <subfield code="y">LIB</subfield>
  </datafield>
  <datafield tag="952" ind1=" " ind2=" ">
    <subfield code="1">0</subfield>
    <subfield code="2">lcc</subfield>
    <subfield code="4">0</subfield>
    <subfield code="7">0</subfield>
    <subfield code="a">LIC-025</subfield>
    <subfield code="b">LIC-025</subfield>
    <subfield code="c">GENERAL</subfield>
    <subfield code="d">2022-05-02</subfield>
    <subfield code="e">UA</subfield>
    <subfield code="f">2a ed.</subfield>
    <subfield code="k">IT</subfield>
    <subfield code="o">AE61 E53 2003</subfield>
    <subfield code="p">BIE000000039</subfield>
    <subfield code="r">2022-05-02 00:00:00</subfield>
    <subfield code="t">C:1 V.6</subfield>
    <subfield code="v">1.00</subfield>
    <subfield code="y">LIB</subfield>
  </datafield>
  <datafield tag="952" ind1=" " ind2=" ">
    <subfield code="1">0</subfield>
    <subfield code="2">lcc</subfield>
    <subfield code="4">0</subfield>
    <subfield code="7">0</subfield>
    <subfield code="a">LIC-025</subfield>
    <subfield code="b">LIC-025</subfield>
    <subfield code="c">GENERAL</subfield>
    <subfield code="d">2022-05-02</subfield>
    <subfield code="e">UA</subfield>
    <subfield code="f">2a ed.</subfield>
    <subfield code="k">IT</subfield>
    <subfield code="o">AE61 E53 2003</subfield>
    <subfield code="p">BIE000000040</subfield>
    <subfield code="r">2022-05-02 00:00:00</subfield>
    <subfield code="t">C:1 V.7</subfield>
    <subfield code="v">1.00</subfield>
    <subfield code="y">LIB</subfield>
  </datafield>
  <datafield tag="952" ind1=" " ind2=" ">
    <subfield code="1">0</subfield>
    <subfield code="2">lcc</subfield>
    <subfield code="4">0</subfield>
    <subfield code="7">0</subfield>
    <subfield code="a">LIC-025</subfield>
    <subfield code="b">LIC-025</subfield>
    <subfield code="c">GENERAL</subfield>
    <subfield code="d">2022-05-02</subfield>
    <subfield code="e">UA</subfield>
    <subfield code="f">2a ed.</subfield>
    <subfield code="k">IT</subfield>
    <subfield code="o">AE61 E53 2003</subfield>
    <subfield code="p">BIE000000041</subfield>
    <subfield code="r">2022-05-02 00:00:00</subfield>
    <subfield code="t">C:1 V.8</subfield>
    <subfield code="v">1.00</subfield>
    <subfield code="y">LIB</subfield>
  </datafield>
  <datafield tag="952" ind1=" " ind2=" ">
    <subfield code="1">0</subfield>
    <subfield code="2">lcc</subfield>
    <subfield code="4">0</subfield>
    <subfield code="7">0</subfield>
    <subfield code="a">LIC-025</subfield>
    <subfield code="b">LIC-025</subfield>
    <subfield code="c">GENERAL</subfield>
    <subfield code="d">2022-05-02</subfield>
    <subfield code="e">UA</subfield>
    <subfield code="f">2a ed.</subfield>
    <subfield code="k">IT</subfield>
    <subfield code="o">AE61 E53 2003</subfield>
    <subfield code="p">BIE000000042</subfield>
    <subfield code="r">2022-05-02 00:00:00</subfield>
    <subfield code="t">C:1 V.9</subfield>
    <subfield code="v">1.00</subfield>
    <subfield code="y">LIB</subfield>
  </datafield>
  <datafield tag="952" ind1=" " ind2=" ">
    <subfield code="1">0</subfield>
    <subfield code="2">lcc</subfield>
    <subfield code="4">0</subfield>
    <subfield code="7">0</subfield>
    <subfield code="a">LIC-025</subfield>
    <subfield code="b">LIC-025</subfield>
    <subfield code="c">GENERAL</subfield>
    <subfield code="d">2022-05-02</subfield>
    <subfield code="e">UA</subfield>
    <subfield code="f">2a ed.</subfield>
    <subfield code="k">IT</subfield>
    <subfield code="o">AE61 E53 2003</subfield>
    <subfield code="p">BIE000000043</subfield>
    <subfield code="r">2022-05-02 00:00:00</subfield>
    <subfield code="t">C:1 V.10</subfield>
    <subfield code="v">1.00</subfield>
    <subfield code="y">LIB</subfield>
  </datafield>
  <datafield tag="952" ind1=" " ind2=" ">
    <subfield code="1">0</subfield>
    <subfield code="2">lcc</subfield>
    <subfield code="4">0</subfield>
    <subfield code="7">0</subfield>
    <subfield code="a">LIC-025</subfield>
    <subfield code="b">LIC-025</subfield>
    <subfield code="c">GENERAL</subfield>
    <subfield code="d">2022-05-02</subfield>
    <subfield code="e">UA</subfield>
    <subfield code="f">2a ed.</subfield>
    <subfield code="k">IT</subfield>
    <subfield code="o">AE61 E53 2003</subfield>
    <subfield code="p">BIE000000044</subfield>
    <subfield code="r">2022-05-02 00:00:00</subfield>
    <subfield code="t">C:1 V.11</subfield>
    <subfield code="v">1.00</subfield>
    <subfield code="y">LIB</subfield>
  </datafield>
  <datafield tag="952" ind1=" " ind2=" ">
    <subfield code="1">0</subfield>
    <subfield code="2">lcc</subfield>
    <subfield code="4">0</subfield>
    <subfield code="7">0</subfield>
    <subfield code="a">LIC-025</subfield>
    <subfield code="b">LIC-025</subfield>
    <subfield code="c">GENERAL</subfield>
    <subfield code="d">2022-05-02</subfield>
    <subfield code="e">UA</subfield>
    <subfield code="f">2a ed.</subfield>
    <subfield code="k">IT</subfield>
    <subfield code="o">AE61 E53 2003</subfield>
    <subfield code="p">BIE000000045</subfield>
    <subfield code="r">2022-05-02 00:00:00</subfield>
    <subfield code="t">C:1 V.12</subfield>
    <subfield code="v">1.00</subfield>
    <subfield code="y">LIB</subfield>
  </datafield>
  <datafield tag="952" ind1=" " ind2=" ">
    <subfield code="1">0</subfield>
    <subfield code="2">lcc</subfield>
    <subfield code="4">0</subfield>
    <subfield code="7">0</subfield>
    <subfield code="a">LIC-025</subfield>
    <subfield code="b">LIC-025</subfield>
    <subfield code="c">GENERAL</subfield>
    <subfield code="d">2022-05-02</subfield>
    <subfield code="e">UA</subfield>
    <subfield code="f">2a ed.</subfield>
    <subfield code="k">IT</subfield>
    <subfield code="o">AE61 E53 2003</subfield>
    <subfield code="p">BIE000000046</subfield>
    <subfield code="r">2022-05-02 00:00:00</subfield>
    <subfield code="t">C:1 V.13</subfield>
    <subfield code="v">1.00</subfield>
    <subfield code="y">LIB</subfield>
  </datafield>
  <datafield tag="952" ind1=" " ind2=" ">
    <subfield code="1">0</subfield>
    <subfield code="2">lcc</subfield>
    <subfield code="4">0</subfield>
    <subfield code="7">0</subfield>
    <subfield code="a">LIC-025</subfield>
    <subfield code="b">LIC-025</subfield>
    <subfield code="c">GENERAL</subfield>
    <subfield code="d">2022-05-02</subfield>
    <subfield code="e">UA</subfield>
    <subfield code="f">2a ed.</subfield>
    <subfield code="k">IT</subfield>
    <subfield code="o">AE61 E53 2003</subfield>
    <subfield code="p">BIE000000047</subfield>
    <subfield code="r">2022-05-02 00:00:00</subfield>
    <subfield code="t">C:1 V.14</subfield>
    <subfield code="v">1.00</subfield>
    <subfield code="y">LIB</subfield>
  </datafield>
  <datafield tag="952" ind1=" " ind2=" ">
    <subfield code="1">0</subfield>
    <subfield code="2">lcc</subfield>
    <subfield code="4">0</subfield>
    <subfield code="7">0</subfield>
    <subfield code="a">LIC-025</subfield>
    <subfield code="b">LIC-025</subfield>
    <subfield code="c">GENERAL</subfield>
    <subfield code="d">2022-05-02</subfield>
    <subfield code="e">UA</subfield>
    <subfield code="f">2a ed.</subfield>
    <subfield code="k">IT</subfield>
    <subfield code="o">AE61 E53 2003</subfield>
    <subfield code="p">BIE000000048</subfield>
    <subfield code="r">2022-05-02 00:00:00</subfield>
    <subfield code="t">C:1 V.15</subfield>
    <subfield code="v">1.00</subfield>
    <subfield code="y">LIB</subfield>
  </datafield>
  <datafield tag="952" ind1=" " ind2=" ">
    <subfield code="1">0</subfield>
    <subfield code="2">lcc</subfield>
    <subfield code="4">0</subfield>
    <subfield code="7">0</subfield>
    <subfield code="a">LIC-025</subfield>
    <subfield code="b">LIC-025</subfield>
    <subfield code="c">GENERAL</subfield>
    <subfield code="d">2022-05-02</subfield>
    <subfield code="e">UA</subfield>
    <subfield code="f">2a ed.</subfield>
    <subfield code="k">IT</subfield>
    <subfield code="o">AE61 E53 2003</subfield>
    <subfield code="p">BIE000000049</subfield>
    <subfield code="r">2022-05-02 00:00:00</subfield>
    <subfield code="t">C:1 V.16</subfield>
    <subfield code="v">1.00</subfield>
    <subfield code="y">LIB</subfield>
  </datafield>
  <datafield tag="952" ind1=" " ind2=" ">
    <subfield code="1">0</subfield>
    <subfield code="2">lcc</subfield>
    <subfield code="4">0</subfield>
    <subfield code="7">0</subfield>
    <subfield code="a">LIC-025</subfield>
    <subfield code="b">LIC-025</subfield>
    <subfield code="c">GENERAL</subfield>
    <subfield code="d">2022-05-02</subfield>
    <subfield code="e">UA</subfield>
    <subfield code="f">2a ed.</subfield>
    <subfield code="k">IT</subfield>
    <subfield code="o">AE61 E53 2003</subfield>
    <subfield code="p">BIE000000050</subfield>
    <subfield code="r">2022-05-02 00:00:00</subfield>
    <subfield code="t">C:1 V.17</subfield>
    <subfield code="v">1.00</subfield>
    <subfield code="y">LIB</subfield>
  </datafield>
  <datafield tag="952" ind1=" " ind2=" ">
    <subfield code="1">0</subfield>
    <subfield code="2">lcc</subfield>
    <subfield code="4">0</subfield>
    <subfield code="7">0</subfield>
    <subfield code="a">LIC-025</subfield>
    <subfield code="b">LIC-025</subfield>
    <subfield code="c">GENERAL</subfield>
    <subfield code="d">2022-05-02</subfield>
    <subfield code="e">UA</subfield>
    <subfield code="f">2a ed.</subfield>
    <subfield code="k">IT</subfield>
    <subfield code="o">AE61 E53 2003</subfield>
    <subfield code="p">BIE000000051</subfield>
    <subfield code="r">2022-05-02 00:00:00</subfield>
    <subfield code="t">C:1 V.18</subfield>
    <subfield code="v">1.00</subfield>
    <subfield code="y">LIB</subfield>
  </datafield>
</record>
